All Ren Songs - Statistics

General Stats
  • This quiz has been taken 3 times
  • The average score is 63 of 95
Answer Stats
Album Track # Answer % Correct
Demos Vol 2. 2 Diazepam
100%
Singles/Other - Money Game
100%
Singles/Other - Hi Ren
100%
Singles/Other - Jenny's Tale
100%
Demos (Do Not Share), Vol 1 3 Money Game, Pt. 2
100%
Sick Boi 4 Money Game, Pt. 3
100%
Sick Boi 7 Murderer
100%
Singles/Other - Screech's Tale
100%
Sick Boi 1 Seven Sins
100%
Sick Boi 2 Sick Boi
100%
Singles/Other - Violet's Tale
100%
Demos (Do Not Share), Vol 1 7 Ahiahiahohah (Bonus Track) (with Bibi)
67%
Sick Boi 3 Animal Flow
67%
Collaborations/Features - Baggage (feat. Ren) (with Chris Webby)
67%
Freckled Angels 13 Bullet
67%
Singles/Other - Chalk Outlines (with CHINCHILLA)
67%
Singles/Other - Children Of The Moon
67%
Demos Vol 2. 4 Crucify Your Culture
67%
Freckled Angels 15 Crutch (feat. Bibi)
67%
Sick Sick Soul (Vol. 1) (with The Skinner Brothers) 2 CTRL ALT DELETE
67%
Demos (Do Not Share), Vol 1 5 Dear God
67%
Demos Vol 2. 7 Depression (Bonus Track)
67%
Collaborations/Features - Fentanyl (with Knox Hill)
67%
Singles/Other - How to Be Me (with CHINCHILLA)
67%
Collaborations/Features - Pain Salesman (with Prof)
67%
Freckled Angels 3 Dominoes
67%
Singles/Other - Dominoes (Falk Remix)
67%
Sick Sick Soul (Vol. 1) (with The Skinner Brothers) 4 Dream Life
67%
Freckled Angels 14 Fire
67%
Freckled Angels 16 Freckled Angels
67%
Demos (Do Not Share), Vol 1 4 French Song (wit Romain Axisa)
67%
Sick Boi 6 Genesis
67%
Singles/Other - Girls!
67%
Collaborations/Features - gutter - Ren Remix (with venbee)
67%
Demos Vol 2. 3 Heretic
67%
Demos (Do Not Share), Vol 1 6 Hold On
67%
Singles/Other - Humble (with Eden Nash)
67%
Sick Boi 9 Illest Of Our Time
67%
Demos Vol 2. 8 Insomnia
67%
Freckled Angels 2 It's Alright
67%
Collaborations/Features - It's Alright (with MIKVH)
67%
Singles/Other - Jessica(with Jimmy Sharp)
67%
Singles/Other - KUJO BEAT DOWN
67%
Demos (Do Not Share), Vol 1 1 Life Is Funny
67%
Sick Boi 5 Lost All Faith
67%
Freckled Angels 5 Love Music, Pt. 1
67%
Freckled Angels 11 Love Music, Pt. 2
67%
Demos (Do Not Share), Vol 1 2 Love Music, Pt. 3
67%
Sick Boi 10 Love Music, Pt. 4
67%
Singles/Other - Mackay
67%
Freckled Angels 1 Make My Way
67%
Sick Boi 15 Masochist
67%
Singles/Other - Money Ties
67%
Demos (Do Not Share), Vol 1 8 Ocean (Bonus Track) (with Eden Nash)
67%
Collaborations/Features - Patience (with Bear McCreary)
67%
Demos Vol 2. 6 Penitence (with Molly McKinna)
67%
Sick Sick Soul (Vol. 1) (with The Skinner Brothers) 6 Pink Heineken (with Megan Notcheva)
67%
Singles/Other - Power
67%
Demos Vol 2. 1 Ready for You
67%
Vincent's Tale 7 Richard's Tale - Acceptance
67%
Red (Taylor's Version) 4 Richard's Tale - Locked Up
67%
Vincent's Tale 5 Richard's Tale - Set The Scene
67%
Vincent's Tale 6 Richard's Tale - The Five Stages of Grief
67%
Collaborations/Features - Round Town (feat. Ren) - Skit (with CHINCHILLA)
67%
Sick Boi 18 Sick Boi, Pt. 2
67%
Singles/Other - Slaughter House
67%
Sick Sick Soul (Vol. 1) (with The Skinner Brothers) 1 So The Story Goes...
67%
Sick Boi 8 Suic*de
67%
Sick Boi 13 The Hunger
67%
Singles/Other - Troubles
67%
Sick Sick Soul (Vol. 1) (with The Skinner Brothers) 3 Truth or Dare
67%
Sick Sick Soul (Vol. 1) (with The Skinner Brothers) 5 Two's On A Cigarette (with Sahaji)
67%
Sick Boi 11 Uninvited
67%
Vincent's Tale 1 Vincent's Tale - Prologue - Sunflowers
67%
Vincent's Tale 2 Vincent's Tale - Self Portrait
67%
Vincent's Tale 8 Vincent's Tale - Starry Night - Act I
67%
Vincent's Tale 9 Vincent's Tale - Starry Night - Act II
67%
Vincent's Tale 10 Vincent's Tale - Starry Night - Act III
67%
Vincent's Tale 11 Vincent's Tale - Starry Night - Act IV
67%
Vincent's Tale 3 Vincent's Tale - The Bedroom
67%
Collaborations/Features - What Does Your Love Look Like? (feat. Ren) (with Token)
67%
Sick Boi 12 What You Want
67%
Freckled Angels 6 1990s
33%
Singles/Other - Blind Eyed (Live) (with Sam Tompkins)
33%
Singles/Other - Blind Eyed (with Sam Tompkins)
33%
Sick Boi 14 Down On The Beat (with Viktus)
33%
Demos Vol 2. 5 Everybody Drops
33%
Sick Boi 16 Loco
33%
Freckled Angels 12 Meaning
33%
Freckled Angels 7 Pixie
33%
Freckled Angels 10 Pocket Full of Pain
33%
Freckled Angels 9 Run Away
33%
Freckled Angels 4 Satellite Girl
33%
Freckled Angels 8 Street Lights
33%
Sick Boi 17 Wicked Ways
33%
No matching quizzes found
Score Distribution
Percent of People with Each Score
Percentile by Number Answered
Your Score History
You have not taken this quiz